Представление документа в формате MARC21

Поле Инд. ПП Название Значение
Тип записи a
Библиографический уровень m
001 Контрольный номер 55b54112-a028-4e82-a8f0-1d3476c2461b
005 Дата корректировки 20131111191325.3
008 Кодируемые данные 000328 d
020 c Цена, тираж 22707.00
080 a Индекс УДК 530.145:512
084 a Индекс другой классификации/Индекс ББК В315.1
090 c Каталожный индекс В315.1
x Авторский знак Х82
a Полочн. индекс В315.1
100 1_ a Автор Хоружий Сергей Сергеевич
245 0_ a Заглавие Введение в алгебраическую квантовую теорию поля
c Ответственность С.С. Хоружий
260 0_ a Место издания Москва
b Издательство Наука
c Дата издания 1986
300 a Объем 303,[1] с.
500 a Примечание Библиогр.: с.288-301. - Предм. указ.: с.302-304.
583 a Действие Приписка 354 10.11.97
k Исполнитель действия Дар Иванова В.В. и Лобановой Т.Д.
650 a Основная рубрика Квантовая теория поля
653 a Ключевые слова Квантовая теория поля
a Ключевые слова Алгебраическая квантовая теория поля
852 t Порядковый номер экземпляра 1
p Инвентарный номер 689198
888 a Бесплатные
930 a Новая/Ретро Научная
952 p 354 22707.00 1 689198
c Вид литературы К рн
954 a Дата поступления на обработку 14.11.97
999 a Подразделение 2 Фил3